[Event "Vaujany 2022 Principal"]
[Site "?"]
[Date "2022.07.21"]
[Round "8.13"]
[White "Trabet, Nicholas"]
[Black "Philippe, Guillaume"]
[Result "0-1"]
[WhiteElo "2188"]
[BlackElo "2413"]
[PlyCount "70"]
[SourceVersionDate "2022.07.14"]

1. c4 Nf6 2. Nc3 e5 3. Nf3 Nc6 4. g3 d5 5. cxd5 Nxd5 6. Bg2 Nb6 7. O-O Be7 8.
a3 O-O 9. b4 Be6 10. d3 f6 11. Be3 a5 12. b5 Nd4 13. Bxd4 exd4 14. Na4 Qd7 15.
Nxb6 cxb6 16. Qa4 Bc5 17. Nd2 Rfe8 18. Nb3 Bd5 19. Bxd5+ Qxd5 20. Ra2 Re5 21.
Rc1 Qd7 22. Rac2 Qd6 23. Nxc5 bxc5 24. Qb3+ Kf8 25. b6 Ra6 26. Rb1 h5 27. Qb5
g5 28. Rbc1 Rxb6 29. Qxa5 c4 30. Qa8+ Re8 31. Qa5 c3 32. Qf5 Kg7 33. e3 Rb3 34.
exd4 Qxd4 35. h4 gxh4 {...} 0-1

[Event "Vaujany 2022 Principal"]
[Site "?"]
[Date "2022.07.21"]
[Round "8.14"]
[White "Schlupp, Olivier"]
[Black "Decuigniere, Tom"]
[Result "0-1"]
[WhiteElo "2121"]
[BlackElo "2365"]
[PlyCount "44"]
[SourceVersionDate "2022.07.14"]

1. c4 e5 2. g3 c6 3. d4 e4 4. c5 d5 5. cxd6 Nf6 6. Bg2 Qxd6 7. f3 c5 8. fxe4
cxd4 9. Bf4 Qb6 10. Nd2 Ng4 11. Qb3 Bb4 12. Ngf3 Ne3 13. Kf2 Ng4+ 14. Ke1 d3
15. Rf1 Be6 16. Qxd3 Nc6 17. h3 Rd8 18. Qc2 Ne3 19. Bxe3 Qxe3 20. Rd1 O-O 21.
Rf2 Bc5 22. Rf1 Nb4 0-1

[Event "Vaujany 2022 Principal"]
[Site "?"]
[Date "2022.07.21"]
[Round "8.18"]
[White "Fodor, Balazs"]
[Black "Van Foreest, Machteld"]
[Result "1-0"]
[WhiteElo "2166"]
[BlackElo "2299"]
[PlyCount "63"]
[SourceVersionDate "2022.07.14"]

1. d4 a6 2. g3 e6 3. Bg2 d5 4. Nf3 Nf6 5. O-O Be7 6. c4 O-O 7. Nc3 c6 8. Qd3
Nbd7 9. e4 dxc4 10. Qxc4 b5 11. Qe2 Nb6 12. e5 Nfd7 13. Ne4 Nd5 14. Bg5 Bxg5
15. Nfxg5 h6 16. Nh3 Ne7 17. Nd6 Qb6 18. Rfd1 Ra7 19. Nf4 c5 20. d5 Nb8 21.
Nxc8 Nxc8 22. dxe6 fxe6 23. Nxe6 Re8 24. Nf4 Ne7 25. Rd6 Nbc6 26. Rad1 Rc7 27.
Ne6 Ra7 28. Nxg7 Rf8 29. Nh5 Rf5 30. Qg4+ Rg5 31. Qe6+ Kf8 32. Qxh6+ 1-0

[Event "Vaujany 2022 Principal"]
[Site "?"]
[Date "2022.07.21"]
[Round "8.28"]
[White "Kaloczi, Kristof"]
[Black "Bat, Bilguun"]
[Result "1/2-1/2"]
[WhiteElo "2022"]
[BlackElo "2162"]
[PlyCount "117"]
[SourceVersionDate "2022.07.14"]

{[%evp 0,24,27,-8,-3,-8,7,3,32,41,35,-13,14,7,7,-6,26,16,24,14,10,10,26,7,16,
11,48]} 1. b3 d5 2. Bb2 Bg4 3. f3 Bh5 4. e3 Nd7 5. Be2 e5 6. f4 Bxe2 7. Qxe2
exf4 8. exf4+ Qe7 9. Qxe7+ Nxe7 10. Nf3 f6 11. O-O c6 12. Nc3 O-O-O 13. Ne2 Nf5
14. g4 Nh6 15. h3 Bd6 16. Rae1 Rde8 17. f5 Nf7 18. Kg2 h5 19. Ng3 Rxe1 20. Rxe1
hxg4 21. hxg4 Nh6 22. Re6 Bf4 23. Nh5 Bc7 24. Nxg7 Nxg4 25. Re8+ Rxe8 26. Nxe8
Bb8 27. Kh3 Nh6 28. Nxf6 Nxf5 29. Nxd7 Kxd7 30. Kg2 Bd6 31. Kf2 b5 32. Ke2 c5
33. d4 c4 34. bxc4 bxc4 35. Nd2 Kc6 36. Nf1 Bf4 37. Kf3 Bh6 38. Ke2 Kb5 39. c3
a5 40. Ba3 Kc6 41. Bc5 Bf4 42. Ba3 Kd7 43. Kf3 Bh6 44. Kg4 Ke6 45. Kf3 Nh4+ 46.
Ke2 Bf4 47. Bc5 a4 48. Ba3 Kf5 49. Nd2 Ng2 50. Bc1 Bg5 51. Ba3 Nf4+ 52. Kf3 Nd3
53. Ke2 Kg4 54. Nf3 Bf4 55. Ne1 Nxe1 56. Kxe1 Kf3 57. Kd1 Ke3 58. Kc2 Ke4 59.
Bb4 1/2-1/2

[Event "Vaujany 2022 Principal"]
[Site "?"]
[Date "2022.07.21"]
[Round "8.29"]
[White "Thill-Solente, Gabriel"]
[Black "Roulet-Dubonnet, Emerik Vapenstad"]
[Result "0-1"]
[WhiteElo "1793"]
[BlackElo "2162"]
[PlyCount "64"]
[SourceVersionDate "2022.07.14"]

1. e4 c5 2. Nf3 e6 3. d4 cxd4 4. Nxd4 Nc6 5. Nc3 Qc7 6. g3 a6 7. Bg2 Nf6 8. O-O
Nxd4 9. Qxd4 Bc5 10. Qd3 Ng4 11. Qe2 h5 12. Bf4 d6 13. h3 Ne5 14. Bxe5 dxe5 15.
Kh2 Bd7 16. a4 Rc8 17. Nd1 Be7 18. c3 h4 19. Ne3 Bc6 20. Rfd1 g6 21. Qd3 Rd8
22. Qc2 O-O 23. gxh4 Bxh4 24. Rg1 Bg5 25. Bf3 Bf4+ 26. Kh1 Kg7 27. Qe2 Rh8 28.
Qf1 Rh7 29. Qg2 Rdh8 30. Bg4 Kf8 31. Rad1 f5 32. Rd3 Bxe4 0-1

[Event "Vaujany 2022 Principal"]
[Site "?"]
[Date "2022.07.21"]
[Round "8.30"]
[White "Bokorovics, Bertalan"]
[Black "Maccagnan, Tomas"]
[Result "0-1"]
[WhiteElo "2263"]
[BlackElo "1985"]
[PlyCount "128"]
[SourceVersionDate "2022.07.14"]

1. e4 e6 2. d4 d5 3. exd5 exd5 4. Nf3 Nc6 5. Bb5 Nge7 6. O-O a6 7. Ba4 b5 8.
Bb3 Bg4 9. c3 Ng6 10. h3 Bf5 11. Re1+ Be7 12. Nbd2 Na5 13. Bc2 Qd7 14. Nb3 Bxc2
15. Qxc2 Nb7 16. Bg5 f6 17. Be3 O-O 18. Re2 c6 19. Rae1 Bd6 20. Nc1 Bc7 21. Nd3
Rfe8 22. b3 Kf7 23. c4 Qd6 24. g3 bxc4 25. bxc4 Na5 26. Nd2 Qd7 27. Kh2 dxc4
28. Nxc4 Qd5 29. Nd2 h5 30. Nb4 Qd6 31. Qc5 h4 32. Qxd6 Bxd6 33. Nd3 Re7 34.
Kg2 Rae8 35. Kf3 hxg3 36. fxg3 Re6 37. h4 Rb8 38. Rc1 Rbe8 39. Rce1 Ne7 40. Ne4
Nf5 41. Bf2 Nc4 42. g4 Nxd4+ 43. Bxd4 Rxe4 44. Bf2 Rxe2 45. Rxe2 Rxe2 46. Kxe2
Ne5 47. Nxe5+ Bxe5 48. Kd3 Ke6 49. Kc4 Bd6 50. a4 f5 51. gxf5+ Kxf5 52. a5 g6
53. Bc5 Bg3 54. Be7 Ke6 55. Bg5 Kd7 56. Kc5 Bf2+ 57. Kb4 Be1+ 58. Ka4 Ke6 59.
Bd8 Kd5 60. Bf6 c5 61. Bd8 Kd4 62. Kb3 Kd3 63. Kb2 c4 64. Kc1 Bd2+ 0-1

[Event "Vaujany 2022 Principal"]
[Site "?"]
[Date "2022.07.22"]
[Round "9.1"]
[White "Bauer, Christian"]
[Black "Bailet, Pierre"]
[Result "1-0"]
[WhiteElo "2609"]
[BlackElo "2508"]
[PlyCount "113"]
[SourceVersionDate "2022.07.14"]

1. e4 e5 2. Nf3 Nc6 3. Bb5 Nf6 4. d3 d6 5. c4 g6 6. Nc3 Bg7 7. h3 O-O 8. O-O
Nd4 9. Nxd4 exd4 10. Ne2 Nd7 11. b4 a5 12. Bxd7 Bxd7 13. b5 f5 14. exf5 Bxf5
15. Ng3 Qd7 16. Nxf5 Qxf5 17. a4 c5 18. bxc6 bxc6 19. Ra2 Rfe8 20. Re2 Rab8 21.
Rfe1 Rxe2 22. Qxe2 h5 23. g4 hxg4 24. hxg4 Qe5 25. Qd1 Qf6 26. Kg2 Rf8 27. f4
Qf7 28. Qf3 d5 29. cxd5 Qxd5 30. Qxd5+ cxd5 31. Bd2 Rb8 32. Bxa5 Ra8 33. Bb4
Rxa4 34. Re8+ Kh7 35. Rb8 Ra2+ 36. Kf3 Rh2 37. Rb7 Kg8 38. Rb8+ Kh7 39. Rb7 Kg8
40. Bd6 Rh3+ 41. Ke2 Rh2+ 42. Kf1 Rd2 43. Rb3 Kf7 44. Ke1 Rg2 45. Rb7+ Kg8 46.
g5 Ra2 47. Rd7 Ra1+ 48. Kd2 Ra2+ 49. Kc1 Ra8 50. Kb2 Rc8 51. Bc7 Bf8 52. Be5
Rc3 53. f5 Rxd3 54. fxg6 Re3 55. Bf6 Re2+ 56. Kc1 Re1+ 57. Kc2 1-0

[Event "Vaujany 2022 Principal"]
[Site "Vaujany"]
[Date "2022.07.22"]
[Round "9.2"]
[White "Flear, G.."]
[Black "Can, I.."]
[Result "1/2-1/2"]
[WhiteElo "2409"]
[BlackElo "2445"]
[Annotator "Flear,Glenn"]
[PlyCount "34"]
[EventDate "2022.07.14"]
[EventType "swiss"]
[EventRounds "9"]
[EventCountry "FRA"]
[SourceVersionDate "2022.07.14"]

1. d4 d5 2. c4 c6 3. Nc3 dxc4 4. Nf3 Nf6 5. a4 Bf5 6. e3 e6 7. Bxc4 Bb4 8. O-O
Nbd7 9. Qe2 O-O 10. e4 Bg4 11. e5 Nd5 12. Bd2 Bxc3 13. bxc3 f6 14. Qe4 Bf5 15.
Qe2 Bg4 16. Qe4 Bf5 17. Qe2 Bg4 {18.Qe4} 1/2-1/2

[Event "Vaujany 2022 Principal"]
[Site "?"]
[Date "2022.07.22"]
[Round "9.3"]
[White "Degraeve, Jean-Marc"]
[Black "Sengupta, Deep"]
[Result "0-1"]
[WhiteElo "2519"]
[BlackElo "2534"]
[PlyCount "120"]
[SourceVersionDate "2022.07.14"]

1. e4 e6 2. d4 d5 3. e5 c5 4. c3 Nc6 5. Nf3 Bd7 6. Be2 Nge7 7. Na3 cxd4 8. cxd4
Nf5 9. Nc2 Be7 10. O-O O-O 11. Bd3 f6 12. Bxf5 exf5 13. Bf4 g5 14. exf6 Bxf6
15. Be5 Be7 16. a3 f4 17. Nb4 Nxb4 18. axb4 Bb5 19. Re1 Bxb4 20. Qb3 a5 21.
Rec1 Bc6 22. Ne1 Be7 23. Qh3 Qc8 24. Qh6 Rf7 25. Nf3 Qf5 26. h4 gxh4 27. Nxh4
Qg4 28. Nf3 Ra6 29. Nh2 Qf5 30. f3 Bd7 31. Ng4 Bf8 32. Qh2 h5 33. Nf2 a4 34.
Rc3 b5 35. Nh3 Bh6 36. Rc7 b4 37. Rb7 a3 38. bxa3 Rxa3 39. Rf1 Rb3 40. Rb8+ Rf8
41. Rxf8+ Kxf8 42. Bxf4 Bg7 43. Bd6+ Kf7 44. Bc5 Rb1 45. Qc7 Rxf1+ 46. Kxf1 b3
47. Qb7 Qd3+ 48. Kg1 Bxd4+ 49. Kh2 Bxc5 50. Qxd7+ Be7 51. Nf4 Qd4 52. Qe6+ Ke8
53. Nxd5 Qh4+ 54. Kg1 b2 55. Qc6+ Kf7 56. Nc3 Qd4+ 57. Kf1 Qd3+ 58. Kf2 h4 59.
f4 Qg3+ 60. Kf1 Qd3+ {...} 0-1

[Event "Vaujany 2022 Principal"]
[Site "Vaujany"]
[Date "2022.07.22"]
[Round "9.4"]
[White "Guilleux, F.."]
[Black "Das, A.."]
[Result "1/2-1/2"]
[WhiteElo "2392"]
[BlackElo "2477"]
[PlyCount "85"]
[EventDate "2022.07.14"]
[EventType "swiss"]
[EventRounds "9"]
[EventCountry "FRA"]
[SourceVersionDate "2022.07.14"]

1. d4 Nf6 2. c4 g6 3. Nc3 Bg7 4. e4 d6 5. Be2 O-O 6. Be3 e5 7. d5 Qe7 8. Bg5 a5
9. Nf3 Na6 10. Nd2 Qe8 11. a3 Nd7 12. b4 f5 13. f3 Bf6 14. Be3 Qe7 15. c5 Bg5
16. cxd6 cxd6 17. Bf2 axb4 18. axb4 Rb8 19. Rb1 Nf6 20. Nc4 fxe4 21. fxe4 h5
22. h3 Bd7 23. Nb6 Be8 24. O-O Bh6 25. Qd3 Nc7 26. Kh1 Nh7 27. Bg1 Bf4 28. g3
Bh6 29. Rxf8+ Nxf8 30. Be3 Bxe3 31. Qxe3 Nh7 32. h4 g5 33. g4 gxh4 34. gxh5 Kh8
35. Rg1 Na6 36. h6 Nxb4 37. Rg7 Qf8 38. Qg1 Nc2 39. Bg4 Nd4 40. Qg2 h3 41. Qxh3
Qf4 42. Be6 Ng5 43. Rg8+ 1/2-1/2

[Event "Vaujany 2022 Principal"]
[Site "?"]
[Date "2022.07.22"]
[Round "9.7"]
[White "Degraeve, Remy"]
[Black "Dudognon, Thibault"]
[Result "1-0"]
[WhiteElo "2403"]
[BlackElo "2302"]
[PlyCount "117"]
[SourceVersionDate "2022.07.14"]

1. e4 c5 2. Nf3 d6 3. d4 cxd4 4. Nxd4 Nf6 5. Nc3 a6 6. Rg1 e5 7. Nb3 h5 8. h3
Be6 9. Be3 Be7 10. Qf3 h4 11. O-O-O b5 12. Kb1 Nbd7 13. Nd5 Rc8 14. g3 Bxd5 15.
exd5 g6 16. Bd3 hxg3 17. Qxg3 e4 18. Be2 Qc7 19. Rc1 Ne5 20. Bd4 Nc4 21. Qf4
Qd8 22. h4 a5 23. h5 gxh5 24. Bxc4 Rxc4 25. Nxa5 Rxd4 26. Nc6 Qb6 27. Qe3 Nxd5
28. Qxd4 Qxd4 29. Nxd4 Kd7 30. Rce1 Bh4 31. Rg7 e3 32. Rxf7+ Kd8 33. Rh1 Bxf2
34. Rf5 Ne7 35. Rfxh5 Re8 36. Rxb5 Rg8 37. a4 Rg4 38. Rb7 Bh4 39. Nf3 e2 40.
Nxh4 Rxh4 41. Re1 Re4 42. Rxe7 Kxe7 43. b3 d5 44. Kc1 Kd6 45. Kd2 Kc5 46. Rxe2
Rh4 47. Kc3 Rh3+ 48. Kb2 Rg3 49. c3 Rd3 50. Kc2 Rh3 51. Rd2 Rh1 52. b4+ Kc6 53.
Rg2 Ra1 54. Rg6+ Kc7 55. a5 Rh1 56. b5 Ra1 57. a6 Kd7 58. a7 Kc7 59. b6+ 1-0

[Event "Vaujany 2022 Principal"]
[Site "?"]
[Date "2022.07.22"]
[Round "9.8"]
[White "Barua, Dibyendu"]
[Black "Bruneau, Laurent"]
[Result "1/2-1/2"]
[WhiteElo "2393"]
[BlackElo "2167"]
[PlyCount "86"]
[SourceVersionDate "2022.07.14"]

1. e4 c5 2. Nf3 Nc6 3. d4 cxd4 4. Nxd4 e5 5. Nb5 a6 6. Nd6+ Bxd6 7. Qxd6 Qe7 8.
Qd3 d6 9. Nc3 Be6 10. a3 Nf6 11. Bg5 h6 12. Bxf6 Qxf6 13. Qxd6 Rd8 14. Qc5 Nd4
15. Bd3 Qg5 16. Kf1 Rc8 17. Qb4 Qe7 18. Qxe7+ Kxe7 19. f3 b5 20. Kf2 Rc5 21.
Ke3 Rhc8 22. Rhc1 a5 23. Kd2 Bc4 24. Ne2 Ne6 25. b3 Bxd3 26. cxd3 Rxc1 27. Rxc1
Nc5 28. Ke3 Kd7 29. Rc3 b4 30. axb4 axb4 31. Rc4 Nxb3 32. Rxb4 Nc1 33. Rb7+ Ke8
34. Rb5 f6 35. Nxc1 Rxc1 36. Rb7 Kf8 37. h4 h5 38. Rb8+ Kf7 39. Rh8 Rg1 40.
Rxh5 Rxg2 41. Rh8 g6 42. Rh7+ Kg8 43. Ra7 Rh2 1/2-1/2

[Event "Vaujany 2022 Principal"]
[Site "?"]
[Date "2022.07.22"]
[Round "9.9"]
[White "Philippe, Guillaume"]
[Black "Di Nicolantonio, Lucas"]
[Result "1/2-1/2"]
[WhiteElo "2413"]
[BlackElo "2369"]
[PlyCount "30"]
[SourceVersionDate "2022.07.14"]

1. b3 d5 2. Bb2 Nf6 3. Nf3 c5 4. e3 e6 5. Bb5+ Bd7 6. a4 a6 7. Bxd7+ Nbxd7 8.
c4 Bd6 9. O-O O-O 10. d3 Qc7 11. Nbd2 Rac8 12. h3 Qd8 13. a5 Re8 14. Ra4 e5 15.
cxd5 Nxd5 {...} 1/2-1/2

[Event "Vaujany 2022 Principal"]
[Site "?"]
[Date "2022.07.22"]
[Round "9.10"]
[White "Hamdouchi, Hicham"]
[Black "Fodor, Balazs"]
[Result "1-0"]
[WhiteElo "2536"]
[BlackElo "2166"]
[PlyCount "63"]
[SourceVersionDate "2022.07.14"]

1. e4 c6 2. d4 d5 3. Nd2 dxe4 4. Nxe4 Nf6 5. Nxf6+ exf6 6. c3 Bd6 7. Bd3 O-O 8.
Ne2 Re8 9. O-O Qc7 10. h3 Nd7 11. Qc2 Nf8 12. c4 g6 13. c5 Be7 14. Bf4 Qd8 15.
Rad1 Ne6 16. Be3 f5 17. Bc4 Qc7 18. Qc1 Bf6 19. b4 Qe7 20. Rfe1 Nc7 21. Nf4 Be6
22. Nxe6 fxe6 23. Bf4 Kf7 24. Bxc7 Qxc7 25. Qh6 Bg7 26. Qxh7 Re7 27. Bxe6+ Kf6
(27... Rxe6 28. Rxe6 Kxe6 29. Qxg6+ $18) 28. Qh4+ g5 29. Qh7 Qf4 30. Re5 Rh8
31. Rxf5+ Kxe6 32. Re1+ 1-0

[Event "Vaujany 2022 Principal"]
[Site "?"]
[Date "2022.07.22"]
[Round "9.12"]
[White "Joie, Sebastien"]
[Black "Le Goff, Ronan"]
[Result "1/2-1/2"]
[WhiteElo "2364"]
[BlackElo "2309"]
[PlyCount "30"]
[SourceVersionDate "2022.07.14"]

1. d4 d5 2. c4 e6 3. Nf3 Nf6 4. g3 Bb4+ 5. Bd2 Be7 6. Bg2 O-O 7. O-O c6 8. Qc2
Nbd7 9. Rd1 b6 10. Bf4 Ba6 11. b3 Nh5 12. Bc1 Nhf6 13. Bf4 Nh5 14. Bc1 Nhf6 15.
Bf4 Nh5 1/2-1/2

[Event "Vaujany 2022 Principal"]
[Site "?"]
[Date "2022.07.22"]
[Round "9.15"]
[White "Ongut, Tamas Gunes"]
[Black "Dreelinck, Adriaan"]
[Result "1-0"]
[WhiteElo "2307"]
[BlackElo "2163"]
[PlyCount "47"]
[SourceVersionDate "2022.07.14"]

{[%evp 0,47,19,27,26,-27,48,42,77,69,71,23,23,13,14,19,26,23,58,42,81,20,54,34,
29,48,48,49,96,84,94,95,128,139,121,125,184,101,146,166,166,176,162,201,257,
244,258,234,327,293]} 1. Nf3 d5 2. g3 Nd7 3. d4 b5 4. Bg2 e6 5. a4 b4 6. O-O
Ngf6 7. c4 bxc3 8. Nxc3 c6 9. e4 a5 10. Ne5 Bb7 11. exd5 cxd5 12. Bf4 Bb4 13.
Nb5 O-O 14. Nd3 Bc6 15. Nxb4 Bxb5 16. axb5 axb4 17. Qb3 Qe7 18. Bc7 Rfc8 19.
Rxa8 Rxa8 20. b6 Rc8 21. Qa4 Qe8 22. Qxb4 Nb8 23. Ra1 Qc6 24. Bf1 1-0

[Event "Vaujany 2022 Principal"]
[Site "?"]
[Date "2022.07.22"]
[Round "9.16"]
[White "Laurent, Julien"]
[Black "Ppourquet, Matthieu"]
[Result "0-1"]
[WhiteElo "2266"]
[BlackElo "2163"]
[PlyCount "38"]
[SourceVersionDate "2022.07.14"]

1. Nf3 f5 2. d3 Nc6 3. e4 e5 4. exf5 d5 5. g3 Bxf5 6. Bg2 Qd7 7. O-O O-O-O 8.
Re1 Bg4 9. Qd2 Bd6 10. a3 Rf8 11. Qe3 Nf6 12. b4 Bxf3 13. Bxf3 Nd4 14. Ra2
Nxf3+ 15. Qxf3 Ng4 16. Qxd5 Rxf2 17. h3 Rhf8 18. hxg4 Qxg4 19. Bf4 R8xf4 0-1

[Event "Vaujany 2022 Principal"]
[Site "?"]
[Date "2022.07.22"]
[Round "9.17"]
[White "Eveno, Nathan"]
[Black "Roulet-Dubonnet, Emerik Vapenstad"]
[Result "0-1"]
[WhiteElo "2209"]
[BlackElo "2162"]
[PlyCount "72"]
[SourceVersionDate "2022.07.14"]

1. e4 c5 2. Nf3 e6 3. c4 Nc6 4. Nc3 Nd4 5. Nxd4 cxd4 6. Ne2 e5 7. Ng3 Nf6 8.
Bd3 h5 9. h3 d6 10. Bc2 Be7 11. Ba4+ Kf8 12. d3 a6 13. O-O h4 14. Ne2 Nh5 15.
f4 g5 16. f5 Rb8 17. Bd2 Ng7 18. Qb3 f6 19. Bc6 Ne8 20. Rac1 Kg7 21. a4 Bxf5
22. Bxe8 Be6 23. Bb5 axb5 24. Qxb5 Qc8 25. Kh2 f5 26. exf5 Bxf5 27. Qd5 Rf8 28.
Rf3 g4 29. hxg4 Bxg4 30. Rxf8 Qxf8 31. Nxd4 Qf2 32. Ne6+ Kh8 33. Bh6 Rg8 34.
Ng7 Qf6 35. Qxb7 Qxh6 36. Qxe7 Qf4+ 0-1

[Event "Vaujany 2022 Principal"]
[Site "?"]
[Date "2022.07.22"]
[Round "9.27"]
[White "Bat, Bilguun"]
[Black "Trabet, Mathis"]
[Result "1-0"]
[WhiteElo "2162"]
[BlackElo "2049"]
[PlyCount "56"]
[SourceVersionDate "2022.07.14"]

{[%evp 0,56,27,27,27,27,44,17,18,26,8,15,47,0,17,25,47,51,68,59,72,72,79,41,42,
-12,28,-22,101,66,89,82,99,76,102,87,87,127,127,71,133,90,78,134,129,1,0,-2,
100,73,120,124,138,110,110,108,119,131,152]} 1. d4 Nf6 2. Nf3 g6 3. g3 Bg7 4.
Bg2 O-O 5. c4 c5 6. O-O d6 7. Nc3 Nc6 8. d5 Na5 9. Qd3 e5 10. Nd2 Nd7 11. Nb5
Nf6 12. f4 a6 13. Nc3 Ne8 14. Nf3 b6 15. e4 f5 16. Ng5 Ra7 17. Ne6 Bxe6 18.
dxe6 fxe4 19. Nxe4 Nc6 20. fxe5 Nxe5 21. Qd5 Rxf1+ 22. Bxf1 Re7 23. Qd1 Rxe6
24. Bh3 Rf6 25. Bg5 Kh8 26. Bxf6 Bxf6 27. Qe2 Qe7 28. Rf1 Bg7 1-0

[Event "Vaujany 2022 Principal"]
[Site "?"]
[Date "2022.07.22"]
[Round "9.35"]
[White "Bokorovics, Bertalan"]
[Black "Thill-Solente, Gabriel"]
[Result "1-0"]
[WhiteElo "2263"]
[BlackElo "1793"]
[PlyCount "47"]
[SourceVersionDate "2022.07.14"]

1. e4 c5 2. Nf3 d6 3. d4 cxd4 4. Nxd4 Nf6 5. Nc3 g6 6. Be3 Bg7 7. f3 O-O 8. Qd2
Nc6 9. O-O-O d5 10. Qe1 e5 11. Nxc6 bxc6 12. exd5 cxd5 13. Bg5 Be6 14. Bc4 h6
15. Bxd5 Bxd5 16. Rxd5 Qb6 17. Bxf6 Qxf6 18. Qe4 Rab8 19. Rhd1 Rfc8 20. h4 h5
21. Rd6 Qe7 22. Rd7 Qe6 23. R1d6 Rc4 24. Rd8+ 1-0

[Event "Vaujany 2022 Principal"]
[Site "?"]
[Date "2022.07.22"]
[Round "9.36"]
[White "Jaulin, Mmarc"]
[Black "Adrian, Claude"]
[Result "0-1"]
[WhiteElo "1977"]
[BlackElo "2174"]
[PlyCount "68"]
[SourceVersionDate "2022.07.14"]

1. e4 e6 2. d4 d5 3. Nd2 c5 4. Ngf3 Nf6 5. exd5 exd5 6. Bb5+ Bd7 7. Bxd7+ Nbxd7
8. O-O Be7 9. dxc5 Nxc5 10. c3 O-O 11. Nb3 Nce4 12. h3 Re8 13. Bf4 Qb6 14. Qd4
Qe6 15. Rfe1 Bd8 16. Qe3 Bb6 17. Nfd4 Qd7 18. Qd3 h6 19. f3 Nd6 20. Kf1 Nc4 21.
Qf5 Nxb2 22. Qxd7 Nxd7 23. Be3 Rac8 24. Bd2 Ne5 25. Re2 Ned3 26. a4 Rxe2 27.
Kxe2 Re8+ 28. Kf1 Nc4 29. a5 Nxd2+ 30. Nxd2 Bxa5 31. Ne4 dxe4 32. Rxa5 exf3 33.
gxf3 a6 34. Rd5 Re1+ 0-1